| 000 | 00438nam a2200169 a 4500 | ||
|---|---|---|---|
| 001 | 0000-9268 | ||
| 003 | ELIB.Books | ||
| 008 | 110520 1990 | ||
| 035 | _a(ELIB.Books)0000-9420 | ||
| 082 |
_a220.6 _bPow |
||
| 100 | _aPowell, Mark Allan | ||
| 245 | _aWhat is Narrative Criticism? | ||
| 260 |
_bMinneapolis: Fortress Press _c1990 |
||
| 650 | _aBible - Criticism | ||
| 942 |
_2ddc _cBK |
||
| 998 |
_cbat _e2011-05-20 |
||
| 999 |
_c9268 _d9268 |
||